Arvaa kunta - Pohjois-Pohjanmaa - Statistics

Yleistilastot
  • Tätä visaa on pelattu 85 kertaa
  • Keskiarvotulos 20 / 30
Vastaustilastot
Vinkki Vastaus % Oikein
Maakunnan ainoa saarella sijaitseva kunta Hailuoto
100%
Pohjois-Pohjanmaan suurin kaupunki Oulu
100%
Rukan laskettelukeskussijaitsee täällä Kuusamo
99%
Suomen lyhyin kunnannimi Ii
96%
Pietari Brahen perustama kaupunki Raahe
87%
Vieska-kunnista eteläisempi Ylivieska
87%
Nimetty oletettavasti siikaisan joenmukaan Siikajoki
86%
Maakunnan ainoa mäki-loppuinenkunta Kärsämäki
78%
Perimätiedon mukaan kunta sai nimensä Oula-nimisen varhaisen asukkaan mukaan Oulainen
78%
Maakunnan pinta-alaltaansuurin kunta Pudasjärvi
71%
Tämännimisia kuntia oli Suomessa aikoinaan jopa kolme Pyhäjärvi
71%
Kunnan nimi on hyvin samankaltainenylemmän kysymyksen kunnan kanssa Pyhäjoki
67%
Tapani Kansan tunnettu kappalekertoo tästä kaupungista Kalajoki
65%
Valtatien 8 päätepiste Liminka
65%
Maakunnan aakkosjärjestyksessäensimmäinen kunta Alavieska
64%
Presidentti Kyösti Kallion kotikunta Nivala
64%
Suomen maantieteellinen keskipistesijaitsee tässä kunnassa Siikalatva
64%
Koillismaan alueen pienin kunta Taivalkoski
61%
Sijaitsee Liminganlahden lounaisrannikolla Lumijoki
58%
Maakunnan rajalla sijaitseva,Pohjois-Savon ja Kainuun kohtaamispistettä sivuava
paikkakunta
Pyhäntä
55%
Vuoteen 1954 asti tunnettunimellä Säräisniemi Vaala
55%
Maakunnan pinta-alaltaan pienin kunta Kempele
54%
Manner-Pohjois-Pohjanmaanvähäväkisin kunta Merijärvi
51%
Maakunnan toiseksi eteläisin kunta Reisjärvi
51%
Temmeksen kunta liitettiin pääosintähän kuntaan Tyrnävä
51%
Kunnassa sijaitsee Liimanninkosken lehtojensuojelualue Muhos
49%
Oltermanni-juustot valmistetaan täällä Haapavesi
46%
Kunnan vaakunassa esiintyytervavene Utajärvi
46%
Kunnan pitäjäruuaksi on nimettymutti Sievi
43%
Viimeinen kunta, jota ei ole vielävisassa kysytty! Haapajärvi
39%
Ehtoja vastaavia visoja ei löytynyt
Tulosjakauma
Jokaisen tuloksen saaneiden osuus
Persentiili vastausten määrän mukaan
Tuloshistoriasi
Et ole pelannut tätä visaa